Normal view MARC view
  • Soil biology,

Entry Uniform Title

Number of records used in: 3

001 - CONTROL NUMBER

  • control field: 6948

003 - CONTROL NUMBER IDENTIFIER

  • control field: NUST

005 - DATE AND TIME OF LATEST TRANSACTION

  • control field: 20171206093049.0

008 - FIXED-LENGTH DATA ELEMENTS

  • fixed length control field: 171206|| aca||aabn | a|a d

040 ## - CATALOGING SOURCE

  • Original cataloging agency: NUST
  • Transcribing agency: NUST

130 ## - HEADING--UNIFORM TITLE

  • Uniform title: Soil biology,
  • General subdivision: 1613-3382 ;
  • Form subdivision: 2

670 ## - SOURCE DATA FOUND

  • Source citation: Work cat.: (NUST)0: Biodegradation and bioremediation /, 2004.
© 2023 Central Library, National University of Sciences and Technology. All Rights Reserved.